| 000 | 00752cam-a2200253z--4500 | ||
|---|---|---|---|
| 999 |
_c7550 _d7550 |
||
| 001 | 991058544027006706 | ||
| 003 | OSt | ||
| 005 | 20211217113344.0 | ||
| 008 | 200901u2009uuuuuuuuu-|-o----u|----|fre-d | ||
| 020 | _a2271121809 | ||
| 035 | _a(CKB)4100000009049674 | ||
| 035 | _a(PPN)237721864 | ||
| 035 | _a(EXLCZ)994100000009049674 | ||
| 040 |
_bcat _cCDMR |
||
| 245 | 1 | 4 |
_aLes sciences de l'information et de la communication _c/ coordonné par Éric Dacheux |
| 260 |
_aParis: _bCNRS Éditions, _c2009 |
||
| 300 |
_a163 pàgines _c; 20 cm |
||
| 490 | _aLes Essentiels d'Hermès | ||
| 650 | 0 |
_94579 _aComunicació en ciències de la informació |
|
| 700 |
_94763 _aDacheux, Éric |
||
| 776 | _z2-271-06873-8 | ||
| 906 | _aBOOK | ||
| 942 |
_2udc _cMON |
||